000 00945cab a22002175a 4500
001 L150830
008 100907e20100904xxk 000 0 eng d
035 _a(Sirsi) u150830
041 0 _aeng
100 1 _aJack, Simon
245 0 0 _aFocus Bedfordshire, Herts and Essex
260 _c2010
490 _aEstates Gazette
_v(1035) 4 September 2010, 63-77(9)
520 _aOffice, retail and industrial development in Bedfordshire, Hertfordshire and Essex. Abolition of Regional Spatial Strategies (RSS) has made many planned housebuilding schemes unviable with many being put on hold. Reviews supply and demand for warehouse industrial sheds. Office take up, availability, rents and activity, industrial take up and rents and retail Zone A rents.
590 _aKA
651 4 _aUnited Kingdom
_y
690 _aPROPERTY-COMMERCIAL PROPERTY-COMMERCIAL PROPERTY MARKET
700 1 _aNorwood, Graham
700 1 _aElghamry, Nadia
942 _n0
999 _c82649
_d82649